| 000 | 00517nam a22002057a 4500 | ||
|---|---|---|---|
| 003 | OSt | ||
| 005 | 20140310182818.0 | ||
| 008 | 130302t xxu||||| |||| 00| 0 eng d | ||
| 020 | _a0340782137 | ||
| 050 |
_aP 121 _b.H817 2001 |
||
| 082 |
_aM 420 _bH78 2001 |
||
| 245 |
_a101 key ideas linguistics _cHorsey, Richard |
||
| 260 |
_aLondon _bHodder Headline _cc2001 |
||
| 300 |
_a101 p. _c20 cm. |
||
| 521 | _acollege students | ||
| 526 | _c1210L-1700L | ||
| 541 | _j1 | ||
| 562 | _e1 | ||
| 942 |
_2lcc _cBK _kM |
||
| 999 |
_c16331 _d16331 |
||